Name The Animated Character By Hint - Statistics

General Stats
  • This quiz has been taken 23 times
  • The average score is 7 of 12
Answer Stats
Hint Answer % Correct
Snowman-Frozen Olaf
95%
Panda-Kung Fu Panda Po
95%
Main Character-Despicable Me Gru
91%
Princess-Shrek Fiona
86%
Robot-Big Hero 6 Baymax
73%
Dad's best friend-Incredibles Frozone
68%
Prince-Tangled Flynn Rider
55%
Fox-Zootopia Nick Wilde
50%
Dad-Finding Nemo Marlin
45%
Ratatouille's Owner- Ratatouille Linguini
36%
Bad Guy-Toy Story 3 Lotso
36%
Toothless's Trainer- How To Train Your Dragon Hiccupp
14%
No matching quizzes found
Score Distribution
Percent of People with Each Score
Percentile by Number Answered
Your Score History
You have not taken this quiz